| 000 | 00347nam a2200145Ia 4500 | ||
|---|---|---|---|
| 008 | 150201s2007 xx 000 0 und d | ||
| 082 |
_a616.01 _bC07T |
||
| 100 | _aTHOMAS , PHILIP A. | ||
| 245 | _aCLINICAL MICROBIOLOGY | ||
| 250 | _a7TH | ||
| 260 |
_bORIENT LONGMAN _aINDIA _c2007 |
||
| 300 | _a1-654 | ||
| 650 | _aMICROBIOLOGY | ||
| 942 |
_2ddc _cBK |
||
| 999 |
_c1646 _d1646 |
||